| 000 | 00687cam a22002411 4500 | ||
|---|---|---|---|
| 001 | sa 66006442 | ||
| 003 | DLC | ||
| 005 | 20260227112256.0 | ||
| 008 | 850227q19601969io a 000 0 ind | ||
| 010 | _asa 66006442 | ||
| 025 | _aPL480:Indo-2760 | ||
| 035 | _a(OCoLC)11742219 | ||
| 040 |
_aDLC _cHU _dDLC |
||
| 042 | _apremarc | ||
| 043 | _aa-io--- | ||
| 050 | 0 | 0 |
_aRS141.75.I5 _bI5 |
| 245 | 0 | 0 |
_aIlmu farmasi; _bsingkatan pharmacopee. |
| 260 |
_aJogjakarta _bDwitunggal _c[196-?] |
||
| 300 |
_a80 p. _billus. _c33 cm. |
||
| 500 | _aAt head of title: B. U. D. M. F. Dewan Mahasiswa, Komisariat Fakultas Farmasi. | ||
| 500 | _aCover title. | ||
| 650 | 0 |
_aPharmacopoeias _zIndonesia. |
|
| 999 |
_c70522 _d70522 |
||